Calculus two : linear and nonlinear functions
Αποθηκεύτηκε σε:
| Κύριος συγγραφέας: | |
|---|---|
| Άλλοι συγγραφείς: | |
| Μορφή: | Βιβλίο |
| Γλώσσα: | English |
| Δημοσίευση: |
New York :
Springer-Verlag,
c1990
|
| Έκδοση: | Rev. |
| Σειρά: | Undergraduate texts in mathematics
|
| Θέματα: | |
| Ετικέτες: |
Προσθήκη ετικέτας
Δεν υπάρχουν, Καταχωρήστε ετικέτα πρώτοι!
|
MARC
| LEADER | 00000cam a2200000 i 4500 | ||
|---|---|---|---|
| 001 | 1/32249 | ||
| 008 | 941103s1990 eng d | ||
| 020 | |a 0387973885 | ||
| 020 | |a 3540973885 | ||
| 035 | |l 10039048 | ||
| 040 | |a GR-MY-UA |b gre |e aacr | ||
| 041 | 0 | |a eng | |
| 082 | 0 | |a 515 |2 (20) | |
| 100 | 1 | |a Flanigan, Francis J. | |
| 245 | 1 | 0 | |a Calculus two : |b linear and nonlinear functions / |c Francis J. Flanigan, Jerry L. Kazdan |
| 246 | 3 | 3 | |a Calculus II |
| 250 | |a Rev. | ||
| 260 | |a New York : |b Springer-Verlag, |c c1990 | ||
| 300 | |a xvii, 619 p.; |b ill.; |c 25 cm | ||
| 490 | 1 | |a Undergraduate texts in mathematics | |
| 500 | |a Includes index | ||
| 650 | 0 | 0 | |a Calculus. |
| 700 | 1 | |a Kazdan, Jerry L. |d 1937- | |
| 830 | 0 | |a Undergraduate texts in mathematics | |
| 852 | |a INST |b SAMOS |e 19941103 |h 515 FLA |p 005300006804 |q 005300006804 |t BK |y 0 | ||
| 909 | |a Σ |b 029426 | ||